Japanese democracy : (Record no. 13955)

000 -LEADER
fixed length control field 00591cam a2200193 a 4500
020 ## - INTERNATIONAL STANDARD BOOK NUMBER
ISBN 0300076649 (pbk : alk. paper)
020 ## - INTERNATIONAL STANDARD BOOK NUMBER
ISBN 0300062583 (cloth : alk. paper)
040 ## - CATALOGING SOURCE
Transcribing agency DLC
082 00 - DEWEY DECIMAL CLASSIFICATION NUMBER
Classification number 321 YAL 1997 A064 Or.
100 1# - MAIN ENTRY--AUTHOR NAME
Personal name Richardson, Bradley M.
245 10 - TITLE STATEMENT
Title Japanese democracy :
Remainder of title power, coordination, and performance /
260 ## - PUBLICATION, DISTRIBUTION, ETC. (IMPRINT)
Place of publication New Haven, Conn :
Name of publisher Yale University Press,
Year of publication 1997.
300 ## - PHYSICAL DESCRIPTION
Number of Pages ix, 325 p. ;
Dimensions 24 cm.
650 #0 - SUBJECT ADDED ENTRY--TOPICAL TERM
Topical Term Democracy
650 #0 - SUBJECT ADDED ENTRY--TOPICAL TERM
Topical Term Political participation
650 #0 - SUBJECT ADDED ENTRY--TOPICAL TERM
Topical Term Political parties
650 #0 - SUBJECT ADDED ENTRY--TOPICAL TERM
Topical Term Decentralization in government
942 ## - ADDED ENTRY ELEMENTS (KOHA)
Koha item type សៀវភៅភាសាអង់គ្លេស
952 ## - LOCATION AND ITEM INFORMATION (KOHA)
Withdrawn status [LOCAL, KOHA] 0
Holdings
Permanent Location Date acquired Koha item type Lost status Shelving location Barcode Current Location Full call number
Library Block A2017-10-03សៀវភៅភាសាអង់គ្លេស A064A15338Library Block A321 YAL 1997 A064 Or.
មជ្ឈមណ្ឌលឯការនៃសាកលវិទ្យាល័យភូមិន្ទកសិកម្មចំការដូង

Powered by Koha